[Event "Baku Chess Olympiad | Open"]
[Site "chess24.com"]
[Date "2016.09.12"]
[Round "10"]
[White "Peralta, Fernando"]
[Black "Grandelius, Nils"]
[Result "1/2-1/2"]
[Board "1"]
[WhiteID "105309"]
[WhiteElo "2590"]
[WhiteTitle "GM"]
[WhiteCountry "ARG"]
[WhiteFideId "105309"]
[WhiteEloChange "1"]
[BlackID "1710400"]
[BlackElo "2641"]
[BlackTitle "GM"]
[BlackCountry "SWE"]
[BlackFideId "1710400"]
[BlackEloChange "-1"]

1. d4 {[%clk 1:30:55]} Nf6 {[%clk 1:30:50]} 2. c4 {[%clk 1:31:20]} e6 {[%clk
1:31:17]} 3. Nc3 {[%clk 1:31:43]} Bb4 {[%clk 1:31:43]} 4. e3 {[%clk 1:32:04]} O-O
{[%clk 1:32:08]} 5. Bd3 {[%clk 1:32:20]} d5 {[%clk 1:32:34]} 6. Nf3 {[%clk
1:32:36]} c5 {[%clk 1:31:53]} 7. O-O {[%clk 1:32:53]} dxc4 {[%clk 1:32:18]} 8.
Bxc4 {[%clk 1:33:19]} b6 {[%clk 1:32:18]} 9. a3 {[%clk 1:26:01]} Bxc3 {[%clk
1:32:37]} 10. bxc3 {[%clk 1:26:27]} Bb7 {[%clk 1:32:46]} 11. Bd3 {[%clk 1:24:17]}
Qc7 {[%clk 1:30:47]} 12. c4 {[%clk 1:21:41]} Nbd7 {[%clk 1:23:07]} 13. Bb2 {[%clk
1:20:27]} cxd4 {[%clk 1:11:24]} 14. exd4 {[%clk 1:20:45]} Qf4 {[%clk 1:11:48]}
15. Re1 {[%clk 1:20:45]} Rfd8 {[%clk 1:08:50]} 16. Qe2 {[%clk 0:53:20]} Bxf3
{[%clk 1:00:42]} 17. Qxf3 {[%clk 0:53:12]} Qxf3 {[%clk 1:01:02]} 18. gxf3 {[%clk
0:53:39]} Nc5 {[%clk 0:56:18]} 19. Bxh7+ {[%clk 0:32:52]} Kxh7 {[%clk 0:56:21]}
20. dxc5 {[%clk 0:31:32]} bxc5 {[%clk 0:56:25]} 21. Rab1 {[%clk 0:20:18]} Nh5
{[%clk 0:42:00]} 22. Bc1 {[%clk 0:17:47]} Rd4 {[%clk 0:40:10]} 23. Be3 {[%clk
0:15:22]} Rxc4 {[%clk 0:40:30]} 24. Rec1 {[%clk 0:14:59]} Rxc1+ {[%clk 0:39:54]}
25. Rxc1 {[%clk 0:15:23]} Nf6 {[%clk 0:39:27]} 26. Rxc5 {[%clk 0:15:25]} Nd5
{[%clk 0:39:55]} 27. Rc6 {[%clk 0:13:52]} a6 {[%clk 0:37:57]} 28. a4 {[%clk
0:11:41]} Kg6 {[%clk 0:33:47]} 29. Kf1 {[%clk 0:11:40]} Kf5 {[%clk 0:28:46]} 30.
a5 {[%clk 0:11:31]} g5 {[%clk 0:28:23]} 31. Kg2 {[%clk 0:10:04]} f6 {[%clk
0:28:31]} 32. Kg3 {[%clk 0:07:43]} Nb4 {[%clk 0:25:58]} 33. Rb6 {[%clk 0:06:49]}
Nd5 {[%clk 0:26:19]} 34. Rc6 {[%clk 0:07:04]} Ke5 {[%clk 0:16:09]} 35. Kg2 {[%clk
0:02:09]} Ne7 {[%clk 0:15:41]} 36. Rb6 {[%clk 0:01:51]} Nf5 {[%clk 0:13:34]} 37.
Kf1 {[%clk 0:02:08]} Kd5 {[%clk 0:13:47]} 38. Rb7 {[%clk 0:00:38]} Rc8 {[%clk
0:11:28]} 39. Ra7 {[%clk 0:00:38]} Rc6 {[%clk 0:11:33]} 40. Bb6 {[%clk 0:30:39]}
Nd6 {[%clk 0:31:00]} 41. Rxa6 {[%clk 0:29:58]} 1/2-1/2

[Event "Baku Chess Olympiad | Open"]
[Site "chess24.com"]
[Date "2016.09.12"]
[Round "10"]
[White "Blomqvist, Erik"]
[Black "Mareco, Sandro"]
[Result "0-1"]
[Board "2"]
[WhiteID "1709437"]
[WhiteElo "2545"]
[WhiteTitle "GM"]
[WhiteCountry "SWE"]
[WhiteFideId "1709437"]
[WhiteEloChange "-4"]
[BlackID "112275"]
[BlackElo "2606"]
[BlackTitle "GM"]
[BlackCountry "ARG"]
[BlackFideId "112275"]
[BlackEloChange "4"]

1. e4 {[%clk 1:30:54]} c5 {[%clk 1:30:58]} 2. Nf3 {[%clk 1:31:17]} e6 {[%clk
1:31:26]} 3. d4 {[%clk 1:31:33]} cxd4 {[%clk 1:31:53]} 4. Nxd4 {[%clk 1:31:56]}
a6 {[%clk 1:32:21]} 5. c4 {[%clk 1:31:50]} Nf6 {[%clk 1:32:44]} 6. Nc3 {[%clk
1:32:08]} Qc7 {[%clk 1:33:05]} 7. Be2 {[%clk 1:28:28]} Bb4 {[%clk 1:33:05]} 8.
Qd3 {[%clk 1:25:20]} Nc6 {[%clk 1:33:33]} 9. O-O {[%clk 1:25:20]} Nxd4 {[%clk
1:25:20]} 10. Qxd4 {[%clk 1:20:48]} Bd6 {[%clk 1:25:17]} 11. Kh1 {[%clk 1:12:32]}
b6 {[%clk 1:14:54]} 12. Qd3 {[%clk 1:05:01]} Bb7 {[%clk 1:13:19]} 13. f4 {[%clk
1:02:20]} e5 {[%clk 1:13:39]} 14. f5 {[%clk 1:01:54]} h6 {[%clk 1:13:54]} 15. Bd2
{[%clk 0:57:43]} Bc5 {[%clk 1:02:56]} 16. Bf3 {[%clk 0:50:18]} Qd6 {[%clk
0:57:48]} 17. Qe2 {[%clk 0:47:41]} Rc8 {[%clk 0:47:51]} 18. Rac1 {[%clk 0:42:57]}
Bd4 {[%clk 0:47:51]} 19. Rfd1 {[%clk 0:42:07]} O-O {[%clk 0:47:00]} 20. b3 {[%clk
0:38:43]} Qa3 {[%clk 0:38:58]} 21. Rc2 {[%clk 0:37:21]} Rc7 {[%clk 0:37:40]} 22.
Qe1 {[%clk 0:33:48]} Qe7 {[%clk 0:35:00]} 23. Bxh6 {[%clk 0:20:04]} gxh6 {[%clk
0:29:28]} 24. Rxd4 {[%clk 0:20:31]} exd4 {[%clk 0:29:53]} 25. Qg3+ {[%clk
0:20:48]} Kh7 {[%clk 0:26:19]} 26. Qxc7 {[%clk 0:21:12]} dxc3 {[%clk 0:23:15]}
27. Qxb7 {[%clk 0:21:32]} Qd6 {[%clk 0:23:36]} 28. Be2 {[%clk 0:12:02]} Re8
{[%clk 0:23:27]} 29. g3 {[%clk 0:11:15]} Rxe4 {[%clk 0:23:41]} 30. Kg2 {[%clk
0:10:49]} Rxe2+ {[%clk 0:21:20]} 31. Rxe2 {[%clk 0:11:13]} Qd1 {[%clk 0:21:46]}
0-1

[Event "Baku Chess Olympiad | Open"]
[Site "chess24.com"]
[Date "2016.09.12"]
[Round "10"]
[White "Perez Ponsa, Federico"]
[Black "Smith, Axel"]
[Result "1-0"]
[Board "3"]
[WhiteID "117927"]
[WhiteElo "2585"]
[WhiteTitle "GM"]
[WhiteCountry "ARG"]
[WhiteFideId "117927"]
[WhiteEloChange "4"]
[BlackID "1707930"]
[BlackElo "2516"]
[BlackTitle "GM"]
[BlackCountry "SWE"]
[BlackFideId "1707930"]
[BlackEloChange "-4"]

1. e4 {[%clk 1:30:55]} c5 {[%clk 1:30:59]} 2. Nf3 {[%clk 1:31:15]} Nc6 {[%clk
1:31:28]} 3. Bb5 {[%clk 1:30:13]} d6 {[%clk 1:30:30]} 4. d4 {[%clk 1:27:57]} cxd4
{[%clk 1:30:57]} 5. Qxd4 {[%clk 1:28:22]} Nf6 {[%clk 1:30:26]} 6. Qd3 {[%clk
1:25:51]} Bd7 {[%clk 1:12:08]} 7. c4 {[%clk 1:26:05]} g6 {[%clk 1:11:50]} 8. Nc3
{[%clk 1:26:14]} Bg7 {[%clk 1:12:14]} 9. O-O {[%clk 1:26:31]} O-O {[%clk
1:12:39]} 10. h3 {[%clk 1:26:56]} a6 {[%clk 1:10:11]} 11. Bxc6 {[%clk 1:27:15]}
Bxc6 {[%clk 1:10:07]} 12. Nd4 {[%clk 1:27:34]} Nd7 {[%clk 1:07:11]} 13. Be3
{[%clk 1:27:48]} Nc5 {[%clk 0:46:32]} 14. Qc2 {[%clk 1:26:58]} Ne6 {[%clk
0:46:57]} 15. Rad1 {[%clk 1:26:58]} Qc7 {[%clk 0:42:23]} 16. Nxe6 {[%clk
1:15:04]} fxe6 {[%clk 0:42:52]} 17. c5 {[%clk 1:10:48]} dxc5 {[%clk 0:36:50]} 18.
Qb3 {[%clk 1:10:48]} Qc8 {[%clk 0:31:17]} 19. Bxc5 {[%clk 1:08:29]} Bxc3 {[%clk
0:24:04]} 20. Qxc3 {[%clk 0:59:51]} Bb5 {[%clk 0:18:30]} 21. Rfe1 {[%clk
0:58:59]} b6 {[%clk 0:18:52]} 22. Bxe7 {[%clk 0:56:39]} Qxc3 {[%clk 0:19:20]} 23.
bxc3 {[%clk 0:57:02]} Rfe8 {[%clk 0:16:14]} 24. Bf6 {[%clk 0:57:01]} Rac8 {[%clk
0:14:44]} 25. Rd6 {[%clk 0:53:51]} Rc6 {[%clk 0:08:30]} 26. Red1 {[%clk 0:54:05]}
Kf7 {[%clk 0:07:19]} 27. Be5 {[%clk 0:54:03]} Rc5 {[%clk 0:01:19]} 28. Bd4 {[%clk
0:43:26]} Rc6 {[%clk 0:01:40]} 29. Be3 {[%clk 0:39:35]} Rxc3 {[%clk 0:01:08]} 30.
Rxb6 {[%clk 0:39:49]} Rc7 {[%clk 0:00:34]} 31. Rd4 {[%clk 0:37:18]} Rec8 {[%clk
0:00:38]} 32. a4 {[%clk 0:36:57]} Be2 {[%clk 0:00:51]} 33. e5 {[%clk 0:37:13]}
Bc4 {[%clk 0:00:48]} 34. Rbd6 {[%clk 0:37:17]} Re7 {[%clk 0:00:33]} 35. Bg5
{[%clk 0:37:27]} Rec7 {[%clk 0:00:57]} 36. Kh2 {[%clk 0:35:43]} Bd5 {[%clk
0:00:39]} 37. Rxa6 {[%clk 0:35:51]} Rc6 {[%clk 0:00:42]} 38. Rf4+ {[%clk
0:32:51]} Kg7 {[%clk 0:00:53]} 39. Bf6+ {[%clk 0:32:47]} Kg8 {[%clk 0:01:06]} 40.
Rxc6 {[%clk 1:01:21]} Bxc6 {[%clk 0:30:45]} 41. Rc4 {[%clk 1:01:10]} Bb7 {[%clk
0:25:31]} 42. Rb4 {[%clk 1:00:37]} Bd5 {[%clk 0:25:44]} 43. a5 {[%clk 1:00:23]}
Ra8 {[%clk 0:25:57]} 44. Rb5 {[%clk 1:00:47]} Kf7 {[%clk 0:24:51]} 45. Rc5 {[%clk
1:00:58]} h5 {[%clk 0:21:26]} 46. Rc7+ {[%clk 0:59:08]} Kf8 {[%clk 0:21:54]} 47.
Be7+ {[%clk 0:58:17]} Kg8 {[%clk 0:20:39]} 48. Bb4 {[%clk 0:58:40]} Rb8 {[%clk
0:20:52]} 49. Bc3 {[%clk 0:59:03]} Rb7 {[%clk 0:21:07]} 50. Rc8+ {[%clk 0:58:47]}
Kf7 {[%clk 0:21:24]} 51. h4 {[%clk 0:58:16]} Re7 {[%clk 0:20:09]} 52. Bb4 {[%clk
0:55:48]} Rd7 {[%clk 0:14:37]} 53. Bc5 {[%clk 0:55:46]} Bb7 {[%clk 0:14:32]} 54.
Rf8+ {[%clk 0:55:56]} Kg7 {[%clk 0:14:59]} 55. Rb8 {[%clk 0:55:46]} Rc7 {[%clk
0:14:42]} 56. Bd6 {[%clk 0:56:03]} Rf7 {[%clk 0:14:54]} 57. Kg3 {[%clk 0:56:19]}
Kh6 {[%clk 0:14:42]} 58. f3 {[%clk 0:56:13]} Bd5 {[%clk 0:12:13]} 59. Bc5 {[%clk
0:56:06]} Rc7 {[%clk 0:10:36]} 60. Be3+ {[%clk 0:56:20]} Kg7 {[%clk 0:10:53]} 61.
a6 {[%clk 0:56:37]} Rc3 {[%clk 0:10:50]} 62. Bf2 {[%clk 0:55:55]} Ra3 {[%clk
0:09:31]} 63. a7 {[%clk 0:56:19]} Ra2 {[%clk 0:09:58]} 64. Rc8 {[%clk 0:56:27]}
g5 {[%clk 0:09:14]} 65. hxg5 {[%clk 0:52:58]} h4+ {[%clk 0:09:42]} 66. Kh3 {[%clk
0:53:20]} Rxf2 {[%clk 0:09:58]} 67. a8Q {[%clk 0:53:43]} Bxa8 {[%clk 0:10:20]}
68. Rxa8 {[%clk 0:54:09]} Kg6 {[%clk 0:09:36]} 69. Kxh4 {[%clk 0:52:56]} Rxg2
{[%clk 0:09:33]} 70. Rf8 {[%clk 0:53:18]} Rh2+ {[%clk 0:08:53]} 71. Kg4 {[%clk
0:53:41]} Rg2+ {[%clk 0:08:55]} 72. Kf4 {[%clk 0:54:04]} Kh5 {[%clk 0:08:44]} 73.
Re8 {[%clk 0:54:13]} Ra2 {[%clk 0:08:18]} 74. Rxe6 {[%clk 0:54:25]} Ra4+ {[%clk
0:08:36]} 1-0

[Event "Baku Chess Olympiad | Open"]
[Site "chess24.com"]
[Date "2016.09.12"]
[Round "10"]
[White "Westerberg, Jonathan"]
[Black "Pichot, Alan"]
[Result "1/2-1/2"]
[Board "4"]
[WhiteID "1701754"]
[WhiteElo "2491"]
[WhiteTitle "IM"]
[WhiteCountry "SWE"]
[WhiteFideId "1701754"]
[WhiteEloChange "1"]
[BlackID "110973"]
[BlackElo "2536"]
[BlackTitle "GM"]
[BlackCountry "ARG"]
[BlackFideId "110973"]
[BlackEloChange "-1"]

1. e4 {[%clk 1:30:45]} c5 {[%clk 1:30:47]} 2. Nf3 {[%clk 1:30:55]} e6 {[%clk
1:30:42]} 3. c3 {[%clk 1:31:05]} d5 {[%clk 1:26:28]} 4. exd5 {[%clk 1:30:46]}
Qxd5 {[%clk 1:26:46]} 5. d4 {[%clk 1:30:29]} Nf6 {[%clk 1:26:23]} 6. Be2 {[%clk
1:30:07]} Be7 {[%clk 1:26:22]} 7. O-O {[%clk 1:26:52]} O-O {[%clk 1:26:00]} 8. c4
{[%clk 1:26:52]} Qd8 {[%clk 1:23:54]} 9. Nc3 {[%clk 1:23:01]} b6 {[%clk 1:16:57]}
10. Be3 {[%clk 1:11:00]} cxd4 {[%clk 1:12:56]} 11. Nxd4 {[%clk 1:06:55]} Bb7
{[%clk 1:13:13]} 12. Bf3 {[%clk 1:04:48]} Qc8 {[%clk 1:12:46]} 13. Qe2 {[%clk
1:01:30]} Nc6 {[%clk 1:12:46]} 14. Nxc6 {[%clk 0:59:44]} Bxc6 {[%clk 1:08:44]}
15. b3 {[%clk 0:59:39]} Qb7 {[%clk 1:07:26]} 16. Bxc6 {[%clk 0:58:25]} Qxc6
{[%clk 1:06:45]} 17. Rfd1 {[%clk 0:57:18]} Rfd8 {[%clk 1:07:09]} 18. Rxd8+ {[%clk
0:52:45]} Rxd8 {[%clk 1:06:27]} 19. Rd1 {[%clk 0:52:16]} Rxd1+ {[%clk 1:06:44]}
20. Qxd1 {[%clk 0:52:35]} Kf8 {[%clk 1:05:34]} 21. h3 {[%clk 0:51:59]} Ke8 {[%clk
1:04:04]} 22. Kf1 {[%clk 0:50:27]} Qd7 {[%clk 1:02:52]} 23. Qxd7+ {[%clk
0:50:20]} Kxd7 {[%clk 1:03:15]} 24. Ke2 {[%clk 0:49:03]} Kc6 {[%clk 1:03:28]} 25.
Nb5 {[%clk 0:48:18]} Kb7 {[%clk 1:03:17]} 26. Bd4 {[%clk 0:38:04]} Ne8 {[%clk
1:03:23]} 27. Kd3 {[%clk 0:38:05]} a6 {[%clk 1:03:02]} 28. Nc3 {[%clk 0:38:32]}
Kc6 {[%clk 1:03:12]} 29. Ne2 {[%clk 0:37:26]} Bd6 {[%clk 1:03:09]} 30. Be3 {[%clk
0:34:49]} Nf6 {[%clk 1:03:14]} 1/2-1/2

[Event "Baku Chess Olympiad | Open"]
[Site "chess24.com"]
[Date "2016.09.12"]
[Round "10"]
[White "Kayonde, Andrew"]
[Black "Djukic, Nikola"]
[Result "1-0"]
[Board "1"]
[WhiteID "8700281"]
[WhiteElo "2422"]
[WhiteTitle "IM"]
[WhiteCountry "ZAM"]
[WhiteFideId "8700281"]
[WhiteEloChange "7"]
[BlackID "922412"]
[BlackElo "2534"]
[BlackTitle "GM"]
[BlackCountry "MNE"]
[BlackFideId "922412"]
[BlackEloChange "-7"]

1. d4 {[%clk 1:30:21]} Nf6 {[%clk 1:30:52]} 2. c4 {[%clk 1:29:51]} e6 {[%clk
1:31:15]} 3. Nc3 {[%clk 1:30:15]} Bb4 {[%clk 1:31:41]} 4. e3 {[%clk 1:30:16]} O-O
{[%clk 1:32:04]} 5. Ne2 {[%clk 1:30:41]} d5 {[%clk 1:32:28]} 6. a3 {[%clk
1:30:29]} Bd6 {[%clk 1:32:52]} 7. Ng3 {[%clk 1:30:51]} b6 {[%clk 1:33:05]} 8.
cxd5 {[%clk 1:28:13]} exd5 {[%clk 1:32:25]} 9. Be2 {[%clk 1:28:35]} Re8 {[%clk
1:27:51]} 10. b4 {[%clk 1:27:37]} c5 {[%clk 1:23:01]} 11. bxc5 {[%clk 1:27:56]}
bxc5 {[%clk 1:23:27]} 12. Nb5 {[%clk 1:24:02]} Bxg3 {[%clk 1:15:49]} 13. hxg3
{[%clk 1:24:13]} Ne4 {[%clk 1:16:15]} 14. dxc5 {[%clk 1:03:31]} Qf6 {[%clk
1:02:00]} 15. O-O {[%clk 1:03:51]} Qxa1 {[%clk 1:01:41]} 16. Qxd5 {[%clk
1:04:15]} Bg4 {[%clk 0:58:01]} 17. Bxg4 {[%clk 1:03:06]} Na6 {[%clk 0:58:23]} 18.
Nd6 {[%clk 0:59:55]} Nxd6 {[%clk 0:51:28]} 19. cxd6 {[%clk 1:00:20]} Qe5 {[%clk
0:51:26]} 20. Qxe5 {[%clk 1:00:12]} Rxe5 {[%clk 0:51:49]} 21. f4 {[%clk 1:00:38]}
Ree8 {[%clk 0:44:55]} 22. e4 {[%clk 0:59:27]} Rxe4 {[%clk 0:42:03]} 23. Bf3
{[%clk 0:59:26]} f5 {[%clk 0:42:29]} 24. Bxe4 {[%clk 0:59:28]} fxe4 {[%clk
0:42:55]} 25. Be3 {[%clk 0:59:27]} Nb8 {[%clk 0:38:45]} 26. Rc1 {[%clk 0:59:24]}
Nd7 {[%clk 0:39:11]} 27. Rc7 {[%clk 0:59:40]} Rd8 {[%clk 0:39:14]} 28. Rxa7
{[%clk 0:49:20]} Nf6 {[%clk 0:39:27]} 29. Bc5 {[%clk 0:49:37]} Rc8 {[%clk
0:27:32]} 30. Rc7 {[%clk 0:49:05]} Rd8 {[%clk 0:27:56]} 31. Re7 {[%clk 0:38:22]}
Rc8 {[%clk 0:23:49]} 32. Bd4 {[%clk 0:36:10]} Rc1+ {[%clk 0:17:59]} 33. Kh2
{[%clk 0:35:48]} e3 {[%clk 0:03:07]} 34. Bxf6 {[%clk 0:25:48]} gxf6 {[%clk
0:03:27]} 35. Rxe3 {[%clk 0:25:38]} Rd1 {[%clk 0:03:52]} 36. Re6 {[%clk 0:25:50]}
Kf7 {[%clk 0:03:51]} 37. f5 {[%clk 0:26:16]} h5 {[%clk 0:04:06]} 38. a4 {[%clk
0:25:39]} Rd5 {[%clk 0:04:25]} 39. Re7+ {[%clk 0:14:37]} Kf8 {[%clk 0:04:41]} 40.
Rh7 {[%clk 0:44:51]} Rxd6 {[%clk 0:33:58]} 41. Rxh5 {[%clk 0:45:14]} Rd5 {[%clk
0:34:09]} 42. g4 {[%clk 0:45:32]} Ra5 {[%clk 0:34:28]} 43. Rh6 {[%clk 0:45:43]}
Kf7 {[%clk 0:34:16]} 44. Rg6 {[%clk 0:44:52]} Rxa4 {[%clk 0:34:29]} 45. g5 {[%clk
0:43:49]} fxg5 {[%clk 0:34:29]} 46. Rxg5 {[%clk 0:42:58]} Kf6 {[%clk 0:33:14]}
47. Rh5 {[%clk 0:43:25]} Ra3 {[%clk 0:31:32]} 48. Rh3 {[%clk 0:43:06]} Ra7 {[%clk
0:29:58]} 49. Rf3 {[%clk 0:43:08]} Rh7+ {[%clk 0:29:32]} 50. Rh3 {[%clk 0:37:49]}
Ra7 {[%clk 0:27:37]} 51. Rh5 {[%clk 0:37:49]} Ra3 {[%clk 0:27:58]} 52. g4 {[%clk
0:37:58]} Ke5 {[%clk 0:23:28]} 53. Rh3 {[%clk 0:38:03]} Ra2+ {[%clk 0:22:27]} 54.
Kg3 {[%clk 0:38:18]} Ra8 {[%clk 0:22:23]} 55. Rh1 {[%clk 0:38:15]} Kf6 {[%clk
0:20:40]} 56. Rh6+ {[%clk 0:38:39]} 1-0

[Event "Baku Chess Olympiad | Open"]
[Site "chess24.com"]
[Date "2016.09.12"]
[Round "10"]
[White "Kosic, Dragan"]
[Black "Mwali, Chitumbo"]
[Result "1-0"]
[Board "2"]
[WhiteID "900290"]
[WhiteElo "2517"]
[WhiteTitle "GM"]
[WhiteCountry "MNE"]
[WhiteFideId "900290"]
[WhiteEloChange "3"]
[BlackID "8700265"]
[BlackElo "2344"]
[BlackTitle "IM"]
[BlackCountry "ZAM"]
[BlackFideId "8700265"]
[BlackEloChange "-5"]

1. d4 {[%clk 1:30:55]} Nf6 {[%clk 1:30:50]} 2. Nf3 {[%clk 1:31:16]} e6 {[%clk
1:30:55]} 3. Bf4 {[%clk 1:31:38]} c5 {[%clk 1:30:03]} 4. e3 {[%clk 1:32:03]} cxd4
{[%clk 1:30:01]} 5. exd4 {[%clk 1:32:18]} d6 {[%clk 1:30:13]} 6. Bd3 {[%clk
1:32:06]} Be7 {[%clk 1:30:35]} 7. O-O {[%clk 1:32:28]} O-O {[%clk 1:30:57]} 8. c4
{[%clk 1:31:51]} b6 {[%clk 1:30:40]} 9. Nc3 {[%clk 1:29:15]} Bb7 {[%clk 1:30:57]}
10. Re1 {[%clk 1:26:42]} a6 {[%clk 1:23:33]} 11. Ng5 {[%clk 1:23:46]} Nbd7 {[%clk
1:01:24]} 12. Re3 {[%clk 1:21:25]} h6 {[%clk 0:56:35]} 13. Nh3 {[%clk 1:21:46]}
Kh8 {[%clk 0:43:41]} 14. Rg3 {[%clk 1:21:18]} Rg8 {[%clk 0:36:53]} 15. Ng5 {[%clk
1:17:45]} Qe8 {[%clk 0:36:48]} 16. Rh3 {[%clk 1:18:04]} e5 {[%clk 0:31:19]} 17.
Be3 {[%clk 1:17:18]} exd4 {[%clk 0:28:05]} 18. Bxd4 {[%clk 1:16:12]} Ne5 {[%clk
0:27:43]} 19. f4 {[%clk 1:13:37]} Ng6 {[%clk 0:24:14]} 20. Qd2 {[%clk 1:09:39]}
Bc8 {[%clk 0:23:42]} 21. f5 {[%clk 1:07:28]} Ne5 {[%clk 0:23:28]} 22. Rf1 {[%clk
1:02:22]} Rf8 {[%clk 0:18:13]} 23. Nge4 {[%clk 1:02:08]} Kg8 {[%clk 0:15:52]} 24.
Bxb6 {[%clk 1:01:58]} Bb7 {[%clk 0:03:02]} 25. Bd4 {[%clk 1:00:09]} Qd8 {[%clk
0:01:11]} 26. b3 {[%clk 0:57:28]} Re8 {[%clk 0:01:14]} 27. Bc2 {[%clk 0:56:52]}
Bf8 {[%clk 0:00:42]} 28. Nxf6+ {[%clk 0:56:47]} Qxf6 {[%clk 0:01:04]} 29. Be4
{[%clk 0:56:20]} Bxe4 {[%clk 0:00:45]} 30. Nxe4 {[%clk 0:56:41]} Qd8 {[%clk
0:01:00]} 31. Nc3 {[%clk 0:55:18]} a5 {[%clk 0:00:45]} 32. Nd5 {[%clk 0:55:23]}
Rb8 {[%clk 0:00:39]} 33. f6 {[%clk 0:55:36]} Re6 {[%clk 0:00:36]} 34. Rg3 {[%clk
0:54:20]} g6 {[%clk 0:00:49]} 35. Rh3 {[%clk 0:51:56]} Ng4 {[%clk 0:00:38]} 36.
Qf4 {[%clk 0:49:36]} h5 {[%clk 0:00:38]} 37. Ne7+ {[%clk 0:49:31]} Bxe7 {[%clk
0:00:47]} 38. fxe7 {[%clk 0:49:55]} Qxe7 {[%clk 0:01:02]} 39. Qxg4 {[%clk
0:50:05]} Re4 {[%clk 0:01:02]} 1-0

[Event "Baku Chess Olympiad | Open"]
[Site "chess24.com"]
[Date "2016.09.12"]
[Round "10"]
[White "Chumfwa, Kelvin"]
[Black "Draskovic, Luka"]
[Result "1/2-1/2"]
[Board "3"]
[WhiteID "8700435"]
[WhiteElo "2240"]
[WhiteTitle "IM"]
[WhiteCountry "ZAM"]
[WhiteFideId "8700435"]
[WhiteEloChange "5"]
[BlackID "944335"]
[BlackElo "2448"]
[BlackTitle "IM"]
[BlackCountry "MNE"]
[BlackFideId "944335"]
[BlackEloChange "-3"]

1. d4 {[%clk 1:30:46]} d6 {[%clk 1:30:14]} 2. e4 {[%clk 1:29:52]} Nf6 {[%clk
1:30:15]} 3. Nc3 {[%clk 1:29:41]} Nbd7 {[%clk 1:27:38]} 4. h3 {[%clk 1:24:41]} e5
{[%clk 1:25:31]} 5. Nf3 {[%clk 1:25:07]} c6 {[%clk 1:25:24]} 6. g3 {[%clk
1:25:07]} b5 {[%clk 1:24:22]} 7. a3 {[%clk 1:23:42]} a6 {[%clk 1:23:48]} 8. Bg2
{[%clk 1:23:49]} Be7 {[%clk 1:23:55]} 9. O-O {[%clk 1:23:56]} O-O {[%clk
1:24:19]} 10. Be3 {[%clk 1:23:15]} Re8 {[%clk 1:17:15]} 11. d5 {[%clk 1:07:48]}
Bb7 {[%clk 1:11:52]} 12. Nd2 {[%clk 0:58:50]} cxd5 {[%clk 1:09:18]} 13. Nxd5
{[%clk 0:57:53]} Nxd5 {[%clk 1:09:22]} 14. exd5 {[%clk 0:58:20]} Nb6 {[%clk
0:56:58]} 15. c4 {[%clk 0:56:35]} Nxc4 {[%clk 0:49:46]} 16. Nxc4 {[%clk 0:57:00]}
bxc4 {[%clk 0:50:13]} 17. Qa4 {[%clk 0:56:53]} a5 {[%clk 0:40:13]} 18. Rfc1
{[%clk 0:52:27]} Ba6 {[%clk 0:39:34]} 19. Bf1 {[%clk 0:52:20]} Qb8 {[%clk
0:39:06]} 20. Qxa5 {[%clk 0:49:15]} Rc8 {[%clk 0:31:29]} 21. Qd2 {[%clk 0:48:23]}
Qb5 {[%clk 0:27:10]} 22. a4 {[%clk 0:32:46]} Qb7 {[%clk 0:26:52]} 23. a5 {[%clk
0:25:01]} Bd8 {[%clk 0:25:00]} 24. Ra3 {[%clk 0:14:46]} Rab8 {[%clk 0:18:56]} 25.
Rc2 {[%clk 0:12:17]} h6 {[%clk 0:16:54]} 26. h4 {[%clk 0:12:29]} f5 {[%clk
0:10:06]} 27. Qd1 {[%clk 0:09:01]} Qf7 {[%clk 0:08:52]} 28. Bh3 {[%clk 0:05:41]}
h5 {[%clk 0:05:53]} 29. Bf1 {[%clk 0:05:02]} Rb5 {[%clk 0:03:09]} 30. b3 {[%clk
0:03:03]} Rxd5 {[%clk 0:02:54]} 31. Qc1 {[%clk 0:03:17]} f4 {[%clk 0:00:43]} 32.
bxc4 {[%clk 0:00:49]} Rxa5 {[%clk 0:00:36]} 33. Rxa5 {[%clk 0:01:00]} Bxa5 {[%clk
0:01:01]} 34. gxf4 {[%clk 0:01:02]} Qg6+ {[%clk 0:01:26]} 35. Kh2 {[%clk
0:00:49]} Bb7 {[%clk 0:00:46]} 36. fxe5 {[%clk 0:00:39]} dxe5 {[%clk 0:00:51]}
37. c5 {[%clk 0:00:48]} Bc6 {[%clk 0:00:48]} 38. Rc4 {[%clk 0:00:49]} Bc7 {[%clk
0:00:57]} 39. Bg5 {[%clk 0:00:34]} Rf8 {[%clk 0:00:59]} 40. Kg1 {[%clk 0:30:58]}
Qf5 {[%clk 0:30:48]} 41. Qe3 {[%clk 0:24:18]} Bf3 {[%clk 0:27:38]} 42. Bg2 {[%clk
0:23:30]} e4 {[%clk 0:25:46]} 43. Rxe4 {[%clk 0:22:42]} Bxe4 {[%clk 0:25:29]} 44.
Bxe4 {[%clk 0:22:35]} Qg4+ {[%clk 0:22:44]} 45. Bg2 {[%clk 0:20:33]} Rb8 {[%clk
0:21:07]} 46. Qe4 {[%clk 0:20:37]} Qxe4 {[%clk 0:15:15]} 47. Bxe4 {[%clk
0:20:49]} Bd8 {[%clk 0:15:07]} 48. Bf4 {[%clk 0:17:48]} Rc8 {[%clk 0:09:06]} 49.
c6 {[%clk 0:15:26]} Kh8 {[%clk 0:08:40]} 50. Bg3 {[%clk 0:14:25]} g6 {[%clk
0:02:42]} 51. Bg2 {[%clk 0:13:30]} Kg7 {[%clk 0:02:26]} 52. c7 {[%clk 0:13:38]}
Bxc7 {[%clk 0:02:17]} 53. Bh3 {[%clk 0:13:57]} Bxg3 {[%clk 0:02:41]} 54. Bxc8
{[%clk 0:14:14]} Bxh4 {[%clk 0:03:06]} 55. Kg2 {[%clk 0:14:26]} 1/2-1/2

[Event "Baku Chess Olympiad | Open"]
[Site "chess24.com"]
[Date "2016.09.12"]
[Round "10"]
[White "Kalezic, Blazo"]
[Black "Simutowe, Musatwe"]
[Result "1-0"]
[Board "4"]
[WhiteID "921815"]
[WhiteElo "2457"]
[WhiteTitle "IM"]
[WhiteCountry "MNE"]
[WhiteFideId "921815"]
[WhiteEloChange "2"]
[BlackID "8700389"]
[BlackElo "2178"]
[BlackCountry "ZAM"]
[BlackFideId "8700389"]
[BlackEloChange "-3"]

1. e4 {[%clk 1:30:56]} e5 {[%clk 1:30:38]} 2. Nc3 {[%clk 1:31:09]} Nc6 {[%clk
1:30:38]} 3. g3 {[%clk 1:31:02]} Bc5 {[%clk 1:28:57]} 4. Bg2 {[%clk 1:31:17]} Nf6
{[%clk 1:29:03]} 5. d3 {[%clk 1:28:09]} h6 {[%clk 1:29:25]} 6. h3 {[%clk
1:26:54]} d6 {[%clk 1:29:45]} 7. Be3 {[%clk 1:24:00]} Bb6 {[%clk 1:28:09]} 8.
Bxb6 {[%clk 1:23:18]} axb6 {[%clk 1:28:31]} 9. Nge2 {[%clk 1:22:59]} Bd7 {[%clk
1:23:23]} 10. O-O {[%clk 1:20:54]} Qc8 {[%clk 1:23:28]} 11. Kh2 {[%clk 1:20:08]}
Qd8 {[%clk 1:12:42]} 12. f4 {[%clk 1:07:35]} Qe7 {[%clk 1:11:53]} 13. d4 {[%clk
0:57:55]} exd4 {[%clk 1:08:30]} 14. Nxd4 {[%clk 0:55:29]} O-O {[%clk 1:06:00]}
15. Ndb5 {[%clk 0:52:59]} Rfc8 {[%clk 0:57:22]} 16. a4 {[%clk 0:52:01]} Nd8
{[%clk 0:45:18]} 17. Qe2 {[%clk 0:46:13]} Bc6 {[%clk 0:42:36]} 18. Nd4 {[%clk
0:44:18]} Qf8 {[%clk 0:33:16]} 19. b3 {[%clk 0:38:09]} Bd7 {[%clk 0:28:59]} 20.
e5 {[%clk 0:35:24]} Ne8 {[%clk 0:29:12]} 21. Rad1 {[%clk 0:31:05]} c6 {[%clk
0:22:19]} 22. exd6 {[%clk 0:24:03]} Nxd6 {[%clk 0:22:12]} 23. Qd3 {[%clk
0:23:52]} Rc7 {[%clk 0:20:15]} 24. g4 {[%clk 0:20:54]} Ne8 {[%clk 0:19:04]} 25.
Qg3 {[%clk 0:20:27]} Ra5 {[%clk 0:18:42]} 26. Ne4 {[%clk 0:19:54]} Bc8 {[%clk
0:15:08]} 27. g5 {[%clk 0:16:50]} Kh8 {[%clk 0:10:04]} 28. Nf3 {[%clk 0:14:55]}
Rd7 {[%clk 0:08:25]} 29. gxh6 {[%clk 0:13:25]} gxh6 {[%clk 0:08:32]} 30. Ne5
{[%clk 0:13:33]} Rxd1 {[%clk 0:08:14]} 31. Rxd1 {[%clk 0:13:51]} Ne6 {[%clk
0:08:13]} 32. f5 {[%clk 0:10:19]} N6g7 {[%clk 0:08:05]} 33. f6 {[%clk 0:06:11]}
Nf5 {[%clk 0:08:28]} 34. Qc3 {[%clk 0:05:40]} Nc7 {[%clk 0:06:52]} 35. Rd8 {[%clk
0:05:46]} 1-0